00734nam a2200181 a 450000100100000000500170001000800410002704000250006808200220009310000350011524500770015026000430022730000210027059000250029165000670031695201520038399900170053500002004420200929170236.0090729s1955 dr 000 0 spa d aDO-SdBNPbspacBNPHU a344.729302bH565s1 aHerrera Bornia, Orestes91444210aSeguridad social en la República Dominicana /cOrestes Herrera Bornia. a[Santo Domingo] :bArte y cine,c1955. a508 p. :b22 cm. aInventariado,2019/YL 4aSeguridad socialxLegislaciónzRepública Dominicana914351 0010718PDaPDbPDcCTd2019-07-19iLF1l0o344.729302 H565sp20044-10r2020-06-25w2020-06-25yLFPDzDonación Familia Reyes DulucZNo se presta c19552d19552